00856nam a2200193 a 450000100100000000500170001000800410002708200190006813000730008724000160016024501630017624600470033926000740038630000280046065000530048865000460054165000620058704000130064900002731120200930030737.0090630s1983 dr f 0 0 0 spa d a340.016bR426i1 aRepública DominicanabConsultoría Jurídica del Poder Ejecutivo10aLeyes, etc.10aÍndice general de la legislación de la República Dominicana año 1982 :bsección de registro de leyes consultoría jurídica del poder ejecutivo /.10aLegislación de la República Dominicana aSanto Domingo :bConsultoría Jurídica del Poder Ejecutivo,c1983. a431 p. :bil. ;c22 cm. 4aLegislaciónzRepública DominicanavÍNDICE. 4aLeyeszRepública DominicanavÍNDICES. 4aPromulgacion de leyeszRepública DominicanavÍNDICES. aDO-SdBNP